00193nam a2200085Ia 4500100002200000250000900022245003800031260002200069082001600091 aKristian Anderson a2002 aCustomer Relationaship Management aTata mc graw hill a629.28bKRI